| 000 | 01337cam a22003015a 4500 | ||
|---|---|---|---|
| 001 | L152733 | ||
| 008 | 110418s2011 xxk df 000 0 eng d | ||
| 020 | _a9781905018895 | ||
| 035 | _a(Sirsi) u152733 | ||
| 041 | 0 | _aeng | |
| 050 | 0 | 4 | _a306.3 $2 18. |
| 100 | 1 | _aWilcox, S. | |
| 110 | 2 |
_aChartered Institute of Housing _92394 |
|
| 245 | 0 | 0 |
_aUK Housing Review _b2010/2011 |
| 250 | _a19th ed. | ||
| 260 |
_aTotton _Chartered Institute of Housing _c2011. |
||
| 300 | _a240p. ill.; $3 0cm. | ||
| 505 | 2 | _aIntroduction -- Section 1: Contemporary issues -- Section 2: Commentary -- Section 3: Compendium of tables | |
| 520 | _aA key resource for staff in the public and private housing sectors. Includes over two hundred charts and tables regarding housing stock and conditions, house prices and market trends, rents and revenue spending, subsides, tax relief and benefits and Uk and international economic trends. | ||
| 520 | _aStatistical tables and commentary are available at www.ukhousingreview.org.uk | ||
| 521 | _aAdvanced. | ||
| 650 | 2 | 4 | _aUK HOUSING REVIEW |
| 651 | 4 |
_aUnited Kingdom _y |
|
| 690 | _aPROPERTY-RESIDENTIAL PROPERTY | ||
| 700 | 1 | _aPawson, H. | |
| 856 | 4 | 0 |
_uhttps://www.ukhousingreview.org.uk/ _zView the statistical tables and commentary free of charge at www.ukhousingreview.org.uk. |
| 942 | _n0 | ||
| 999 |
_c112192 _d112192 |
||